000 00846nam a22002657a 4500
003 0
005 20180801104153.0
008 0
010 _aB-062807
020 _a8120318676
_c425.00
035 _aB-062807, B-062808
037 _bCen Lib/Ret
040 _aDPL
_bEN
_c0
082 _a005.754
_bCHA
100 _aChaudhry, Irfan
_936100
245 _aMicrosft SQL server 2000 administration-MCSE readiness review :
_cby Irfan Chaudhry [and] Dean Bartholomew
_bexam 70228 /
260 _aNew Delhi
_bPrentice Hall of India
_c2001
270 _aM-97, connaught circus
_bNew Delhi
_e110001
300 _axxi, 262p.
_c23cm(Hb)
500 _aIncludes index and glossary
650 _aComputer science
_936101
650 _aSQL server
_936102
700 _aBartholomew, Dean
_936103
942 _2ddc
_cEN
_h005.754
_mCHA
999 _c132908
_d132908